Neidio i'r cynnwys

Расчёт систем и механизмов автотракторной техники: поршневой двигатель : лабораторный практикум: в 2-х ч. Ч. 1 Ч. 1 Расчёт систем и механизмов автотракторной техники: поршневой двигатель : лабораторный практикум: в 2-х ч. Ч. 1

Представлен анализ рабочих процессов систем и механизмов двигателей внутреннего сгорания автотракторной техники, а также приведены общие теоретические сведения по расчёту их деталей, узлов и агрегатов. Предназначен для студентов 3 курса направления подготовки 35.03.06 «Агроинженерия» очной формы обу...

Disgrifiad llawn

Wedi'i Gadw mewn:
Manylion Llyfryddiaeth
Prif Awdur: Брусенков А. В.
Awduron Eraill: Кадомцев А. И., Капустин В. П.
Fformat: Книга
Iaith:Russian
Cyhoeddwyd: Тамбов ТГТУ 2021
Mynediad Ar-lein:https://e.lanbook.com/book/320378
https://e.lanbook.com/img/cover/book/320378.jpg
Tagiau: Ychwanegu Tag
Dim Tagiau, Byddwch y cyntaf i dagio'r cofnod hwn!
LEADER 02254nam0a2200301 i 4500
001 320378
003 RuSpLAN
005 20240216150941.0
008 240216s2021 ru gs 000 0 rus
020 |a 978-5-8265-2312-4 
040 |a RuSpLAN 
041 0 |a rus 
044 |a ru 
080 |a 631.372(076.5) 
084 |a О35я73  |2 rubbk 
245 1 |a Расчёт систем и механизмов автотракторной техники: поршневой двигатель : лабораторный практикум: в 2-х ч. Ч. 1  |c Брусенков А. В.,Кадомцев А. И.,Капустин В. П.   |n Ч. 1  |p Расчёт систем и механизмов автотракторной техники: поршневой двигатель : лабораторный практикум: в 2-х ч. Ч. 1 
260 |a Тамбов  |b ТГТУ  |c 2021 
300 |a 84 с. 
504 |a Библиогр.: доступна в карточке книги, на сайте ЭБС Лань 
520 8 |a Представлен анализ рабочих процессов систем и механизмов двигателей внутреннего сгорания автотракторной техники, а также приведены общие теоретические сведения по расчёту их деталей, узлов и агрегатов. Предназначен для студентов 3 курса направления подготовки 35.03.06 «Агроинженерия» очной формы обучения, а также может быть полезен для инженернотехнических работников, занимающихся конструированием, исследованием и расчётом машин. 
521 8 |a Книга из коллекции ТГТУ - Ветеринария и сельское хозяйство 
521 8 |a СЭБ 
100 1 |a Брусенков А. В. 
700 1 |a Кадомцев А. И. 
700 1 |a Капустин В. П. 
856 4 |u https://e.lanbook.com/book/320378 
856 4 8 |u https://e.lanbook.com/img/cover/book/320378.jpg 
953 |a https://e.lanbook.com/img/cover/book/320378.jpg